Houston Neighborhoods - Statistics

General Stats
  • This quiz has been taken 149 times
  • The average score is 22 of 88
Answers on the Map
Answers color-coded by a green-red scale on the quiz's map according to % correct below.
 
Answer Stats
Neighborhood % Correct
Downtown
87%
Heights
75%
Third Ward
75%
Midtown
74%
Fifth Ward
71%
Uptown
65%
Fourth Ward
64%
Neartown / Montrose
62%
Memorial
57%
Second Ward
57%
Afton Oaks / River Oaks
55%
Medical Center
51%
Sharpstown
49%
Alief
48%
Sunnyside
48%
Clear Lake
45%
IAH Airport
45%
Kingwood
45%
Gulfton
41%
Northside / Northline
41%
Museum District
39%
Greenway / Upper Kirby
38%
Meyerland
38%
Acres Home
36%
Greenspoint
36%
Braeswood
35%
University Place
28%
MacGregor
25%
Addicks / Park Ten
23%
Denver Harbor / Port Houston
23%
Lazybrook / Timbergrove
23%
Westchase
23%
East Houston
22%
South Park
22%
Spring Branch East
22%
Spring Branch West
22%
Washington Avenue Coalition / Memorial Park
22%
Astrodome Area
20%
Lake Houston
20%
Spring Branch North
20%
Fort Bend
19%
Spring Branch Central
19%
Westbury
19%
Willowbrook
19%
Brays Oaks / Fondren Southwest
17%
Inwood
17%
Central Southwest
16%
Langwood
16%
Briar Forest
14%
Edgebrook
14%
Golfcrest / Bellfort / Reveille
14%
Greater Hobby Area
14%
Northside Village / Near Northside
14%
Westwood
14%
Eldridge / West Oaks
13%
Fairbanks / Northwest Crossing
13%
Harrisburg / Manchester
13%
Jensen
13%
Mid-West / Woodlake / Briarmeadow
13%
Central Northwest / Near Northwest
12%
Independence Heights
12%
Kashmere Gardens
12%
Lawndale / Wayside
12%
Magnolia Park
12%
South Belt / Ellington
12%
Trinity / Houston Gardens
12%
Carverdale
10%
Northshore
10%
South Main
10%
Willow Meadows / Willowbend
10%
Braeburn
9%
Greater OST / South Union
9%
Pleasantville
9%
South Acres / Crestmont Park
9%
East Little York / Homestead
7%
Fondren Gardens
7%
Meadowbrook / Allendale
7%
Minnetex
7%
Pecan Park
7%
Clinton Park
6%
Greater Eastwood
6%
Park Place
6%
Settegast
6%
El Dorado / Oates Prairie
4%
Gulfgate Riverview / Pine Valley
3%
Hidden Valley
3%
Hunterwood
3%
Westbranch
3%
No matching quizzes found
Score Distribution
Percent of People with Each Score
Percentile by Number Answered
Your Score History
You have not taken this quiz